Windows 10 For Seniors For Dummies, 4th Edition /

The easy way to get up and running with Windows 10! With Windows 10 For Seniors For Dummies , becoming familiarized with Windows 10 is a painless process. If you're interested in learning the basics of this operating system without having to dig through confusing computer jargon, look no furthe...

Full description

Bibliographic Details
Main Author: Weverka, Peter (Author)
Corporate Author: Safari, an O'Reilly Media Company
Format: eBook
Language:English
Published: For Dummies, 2020.
Edition:4th edition.
Subjects:
Online Access:Connect to this electronic resource

MARC

Tag First Indicator Second Indicator Subfields
LEADER 00000uam a2200000 a 4500
001 in00004443113
005 20260122203704.5
006 m o d
007 cr cn
008 091120s2020 xx o eng
020 |z 9781119680543 
020 |z 9781119680536 
024 8 |a 9781119680543 
035 |a (CaSebORM)9781119680543 
040 |d UtOrBLW 
041 0 |a eng 
100 1 |a Weverka, Peter,  |e author.  |0 http://id.loc.gov/authorities/names/n96021314 
245 1 0 |a Windows 10 For Seniors For Dummies, 4th Edition /  |c Weverka, Peter. 
250 |a 4th edition. 
264 1 |b For Dummies,  |c 2020. 
300 |a 1 online resource (320 pages) 
336 |a text  |b txt  |2 rdacontent 
337 |a computer  |b c  |2 rdamedia 
338 |a online resource  |b cr  |2 rdacarrier 
347 |a text file 
520 |a The easy way to get up and running with Windows 10! With Windows 10 For Seniors For Dummies , becoming familiarized with Windows 10 is a painless process. If you're interested in learning the basics of this operating system without having to dig through confusing computer jargon, look no further. This book offers a step-by-step approach that is specifically designed to assist first time Windows 10 users who are over-50, providing easy-to-understand language, large-print text, and an abundance of helpful images along the way! Protect your computer Follow friends and family online Use Windows 10 to play games and enjoy media Check your security and maintenance status Step-by-step instructions are provided to ensure that you don't get lost at any point along the way. 
533 |a Electronic reproduction.  |b Boston, MA :  |c Safari,  |n Available via World Wide Web.  |d 2020. 
538 |a Mode of access: World Wide Web. 
542 |f Copyright © 2020 by John Wiley and Sons  |g 2020 
550 |a Made available through: Safari, an O'Reilly Media Company. 
588 0 |a Online resource; Title from title page (viewed August 25, 2020) 
500 |a Electronic resource. 
655 7 |a Electronic books.  |2 local 
710 2 |a Safari, an O'Reilly Media Company. 
856 4 0 |u https://proxy.library.tamu.edu/login?url=https://go.oreilly.com/TAMU/library/view/-/9781119680543/?ar  |z Connect to this electronic resource  |t 0 
999 f f |s 35dd7b45-a659-3145-8cd4-09673668d739  |i 0dcca994-234b-3bf5-a85a-efec90d5ca12  |t 0 
952 f f |a Texas A&M University  |b College Station  |c Electronic Resources  |s www_evans  |d Available Online  |t 0  |h No information provided 
998 f f |t 0  |l Available Online